Adventures of huckleberry finn (Record no. 570205)

000 -LEADER
fixed length control field 00481nam a22001817a 4500
003 - CONTROL NUMBER IDENTIFIER
control field CEME
005 - DATE AND TIME OF LATEST TRANSACTION
control field 20210628202548.0
008 - FIXED-LENGTH DATA ELEMENTS--GENERAL INFORMATION
fixed length control field 210119b xxu||||| |||| 00| 0 eng d
020 ## - INTERNATIONAL STANDARD BOOK NUMBER
International Standard Book Number 0-8359-0465-2
040 ## - CATALOGING SOURCE
Transcribing agency ceme
082 ## - DEWEY DECIMAL CLASSIFICATION NUMBER
Classification number 813.4 TWA
100 ## - MAIN ENTRY--PERSONAL NAME
Personal name Twain, Mark
9 (RLIN) 23893
245 ## - TITLE STATEMENT
Title Adventures of huckleberry finn
260 ## - PUBLICATION, DISTRIBUTION, ETC.
Place of publication, distribution, etc. 1993
Name of publisher, distributor, etc. GLOBAL PUBLISHING
Date of publication, distribution, etc. USA
300 ## - PHYSICAL DESCRIPTION
Extent XIV, 464P
650 ## - SUBJECT ADDED ENTRY--TOPICAL TERM
Topical term or geographic name entry element ADVENTURES OF HUCKLEBERRY FINN.FICTION FOR BOYS
9 (RLIN) 60499
942 ## - ADDED ENTRY ELEMENTS (KOHA)
Koha item type Book
Source of classification or shelving scheme
Holdings
Withdrawn status Lost status Damaged status Not for loan Permanent Location Current Location Shelving location Date acquired Total Checkouts Full call number Barcode Checked out Date last seen Date last checked out Price effective from Koha item type Source of classification or shelving scheme Shelving control number Public note
        College of Electrical & Mechanical Engineering (CEME) College of Electrical & Mechanical Engineering (CEME) General Stacks 03/19/2017 1 813.4 TWA CEME-44969 12/14/2025 11/14/2025 11/14/2025 06/28/2021 Book      
        College of Electrical & Mechanical Engineering (CEME) College of Electrical & Mechanical Engineering (CEME) Fiction 03/19/2017   813.4 TWA CEME-44970   06/28/2021   06/28/2021 Book   English Literature CART-4
        College of Electrical & Mechanical Engineering (CEME) College of Electrical & Mechanical Engineering (CEME) General Stacks 03/19/2017   813.4 TWA CEME-44971   06/28/2021   06/28/2021 Book      
© 2023 Central Library, National University of Sciences and Technology. All Rights Reserved.